El problema del mal según San Agustín /

Zapisane w:
Opis bibliograficzny
1. autor: Jolivet, Régis (autor)
Format: Książka
Język:hiszpański
Wydane: Bogotá, Colombia : Librería Nueva, 1941
Hasła przedmiotowe:
Etykiety: Dodaj etykietę
Nie ma etykietki, Dołącz pierwszą etykiete!

MARC

LEADER 00000nam^a2200000^a^4500
001 000395806
005 20250521000000.0
009 20260310121412.246
037 |a Acervo Xavier Clavigero 
041 |a ESP 
082 |a 189. 2  |b AGU EST REG 
100 |a Jolivet, Régis  |e (autor) 
245 1 3 |a El problema del mal según San Agustín /  |c R. Jolivet ; tr. por Carlos José Romero. 
264 1 |a Bogotá, Colombia :  |b Librería Nueva,  |c 1941 
300 |a 82 p. 
336 |a texto  |b txt  |2 rdacontenido 
337 |a sin mediación  |b n  |2 rdamedio 
338 |a volumen  |b nc  |2 rdasoporte 
545 0 |a San Agustín (354-430), obispo de Hipona, teólogo, filósofo y Padre de la Iglesia, nacido en Tagaste (Numidia), Argelia. Estudió gramática y literatura latina; enseñó retórica en Cartago, Tagaste, Roma y Milán. Fue un defensor del maniqueísmo, hasta antes de su conversión al cristianismo en el año 387. Basado en la doctrina cristiana y el neoplatonismo orienta su búsqueda de la verdad, que la encuentra en la interioridad del hombre, pues desde esa interioridad se llega a las verdades eternas y a Dios. La clave de su planteamiento está en la relación alma-Dios, teniendo al mundo exterior como mediador. Sus obras consideradas de mayor relevancia son Las confesiones, La ciudad de Dios y Sobre la Trinidad. 
649 |a XX 
650 |a Padres de la Iglesia 
650 |a Santos 
650 |a Bien y Mal -  |x Tema Principal 
650 |a Etica Cristiana 
650 |a Neoplatónicos -  |x Historia y Crítica 
650 |a Patrística -  |x Historia y Crítica -  |x Tema Principal 
650 |a Filosofía Medieval -  |x Historia y Crítica 
650 |a Filosofía y Religión 
650 |a Agustín,  |c Santo -  |x Tema Principal 
910 |a Fondo General 
920 |a Impresos - Libros 
930 |a Colección General 
905 |a 101 
901 |a 049995  |b IT1  |c ACC  |u 20250521 
902 |a https://opac.biblio.iteso.mx/vufind/Record/000395806